000 00626nam a2200229Ia 4500
005 20241129120149.0
008 241129s9999||||xx |||||||||||||| ||und||
020 _a9781032436913
037 _aTB
040 _aSDCL
_beng
_cSDCL
041 _aeng
_2eng
084 _aX:71, R4
_qSDCL
100 _aSchneider Geoffrey
245 0 _aMicroeconomic principles and problems: A pluralist introduction
250 _a2nd
260 _aLondon
_bRoutledge
_c2024
300 _axxv,679p.
365 _aGBP
_b54.99
650 _aBusiness Economics and Finance
942 _cTB
_hX:71, R4
999 _c1233622
_d1233622